Normal view MARC view
  • University of Reading

Entry Corporate Name

Number of records used in: 1

001 - CONTROL NUMBER

  • control field: 4678

003 - CONTROL NUMBER IDENTIFIER

  • control field: OSt

005 - DATE AND TIME OF LATEST TRANSACTION

  • control field: 20190806150235.0

008 - FIXED-LENGTH DATA ELEMENTS

  • fixed length control field: 050303n| aaannaabn |n ana d

040 ## - CATALOGING SOURCE

  • Original cataloging agency: OSt
  • Transcribing agency: OSt

110 ## - HEADING--CORPORATE NAME

  • Corporate name or jurisdiction name as entry element: University of Reading
  • Subordinate unit: Centre for Real Estate Research

410 ## - SEE FROM TRACING--CORPORATE NAME

  • Corporate name or jurisdiction name as entry element: Centre for Real Estate Research

670 ## - SOURCE DATA FOUND

  • Source citation: Monitoring the 2002 code of practice for commercial leases, 2004